International Finance (Record no. 31310)

MARC details
000 -LEADER
fixed length control field 00853nam a22002177a 4500
008 - FIXED-LENGTH DATA ELEMENTS--GENERAL INFORMATION
fixed length control field 091104t xxu||||| |||| 00| 0 eng d
010 ## - LCCN (DPL NO)
LC control number B-360037
020 ## - INTERNATIONAL STANDARD BOOK NUMBER
International Standard Book Number 9788184880946
Terms of availability 340-00
035 ## - SYSTEM CONTROL NUMBER
System control number B-360037
037 ## - SOURCE OF ACQUISITION
Stock number UBH
Source of stock number/acquisition RP/CL/E;20/21-10-09/24-10-09/30-10-09
040 ## - CATALOGING SOURCE
Original cataloging agency dpl
Language of cataloging eng
082 ## - DEWEY DECIMAL CLASSIFICATION NUMBER
Classification number 332.042
100 ## - MAIN ENTRY--PERSONAL NAME
Personal name Avadhani,V.A
245 ## - TITLE STATEMENT
Title International Finance
Statement of responsibility, etc by V.A.Avdhani
260 ## - PUBLICATION, DISTRIBUTION, ETC. (IMPRINT)
Place of publication, distribution, etc Delhi
Name of publisher, distributor, etc Himalaya Publication
Date of publication, distribution, etc 2009
270 ## - ADDRESS
Address 4-B Murari Lal street Ansari Road Darya Ganj
City Delhi
Postal code 110002
Telephone number 23270392
300 ## - PHYSICAL DESCRIPTION
Extent 501pg
Dimensions 24cm
942 ## - ADDED ENTRY ELEMENTS (KOHA)
Source of classification or shelving scheme Dewey Decimal Classification
Item type English Books
Classification part 332.042
Call number suffix AVA
Holdings
Withdrawn status Lost status Source of classification or shelving scheme Damaged status Not for loan Home library Current library Date acquired Source of acquisition Cost, normal purchase price Total Checkouts Total Renewals Full call number Barcode Date last seen Cost, replacement price Koha item type
    Dewey Decimal Classification     Central Library Central Library 30/10/2009 RP/CL 340.00 4 3 332.042 AVA B-360037 06/08/2024 340.00 English Books

© Delhi Public Library
Hit Counter
free hit counter